[Event "FICGS theme 0000 email"]
[Site "FICGS email"]
[Date "2009.11.08"]
[Round "1"]
[White "Neil, Charles"]
[Black "Anbu, Sangita"]
[Result "1-0"]
[WhiteElo "1157"]
[BlackElo "1590"]
[PlyCount "57"]
[EventDate "2009.??.??"]
[EventType "swiss (corr)"]
[EventRounds "1"]
[SourceTitle "Corr 2022"]
[Source "ChessBase"]
[SourceDate "2021.10.24"]
[SourceVersion "1"]
[SourceVersionDate "2021.10.24"]
[SourceQuality "1"]

1. e4 c6 2. d4 d5 3. Nc3 dxe4 4. Nxe4 Bf5 5. Ng3 Bg6 6. N1e2 e6 7. Nf4 Bd6 8. Nxg6 hxg6 9. Ne4 Be7 10. Bf4 Nf6 11. Nxf6+ gxf6 12. c3 Bd6 13. Qf3 Bxf4 14. Qxf4 Nd7 15. Bd3 Qa5 16. 0-0 0-0-0 17. a3 Rh7 18. b4 Qh5 19. Rfe1 Rdh8 20. Qd6 Ne5 21. dxe5 Qxh2+ 22. Kf1 Rd8 23. Qc5 Rxd3 24. Qxa7 fxe5 25. Rad1 Rxd1 26. Rxd1 Qh1+ 27. Ke2 Qxg2 28. Qa8+ Kc7 29. Qd8# 1-0

[Event "LSS ZI-2009-0-00537"]
[Site "LSS email"]
[Date "2009.10.13"]
[Round "?"]
[White "Anbu, Sangita"]
[Black "Holmquist, Marson C"]
[Result "1-0"]
[WhiteElo "1723"]
[BlackElo "1494"]
[PlyCount "73"]
[EventDate "2009.10.10"]
[EventType "match (corr)"]
[EventRounds "2"]
[EventCountry "GER"]
[SourceTitle "Telechess CBM 137"]
[Source "ChessBase"]
[SourceDate "2010.07.15"]
[SourceVersion "1"]
[SourceVersionDate "2010.07.15"]
[SourceQuality "1"]

1. f4 Nf6 2. Nf3 d6 3. g3 Bg4 4. Bg2 Nc6 5. 0-0 e5 6. d3 Be7 7. Qe1 0-0 8. e4 Nd4 9. Nxd4 exd4 10. e5 Nd5 11. Bxd5 c6 12. Bg2 dxe5 13. fxe5 Re8 14. Nd2 Bf6 15. Qf2 Bxe5 16. Qxf7+ Kh8 17. Nc4 Be6 18. Nxe5 Bxf7 19. Nxf7+ Kg8 20. Nxd8 Raxd8 21. Bf4 Re2 22. Bh3 Rxc2 23. Bc7 Re8 24. Rae1 Rxe1 25. Rxe1 Rxb2 26. Be6+ Kf8 27. Bd6+ Ke8 28. Bb3+ Kd7 29. Bb8 Rd2 30. Bxa7 Rxd3 31. Rd1 Re3 32. Bxd4 Rf3 33. Bxg7+ Kc7 34. Be5+ Kb6 35. Kg2 Re3 36. Bd4+ c5 37. Bxe3 1-0

[Event "LSS RC-2009-0-00031"]
[Site "LSS email"]
[Date "2009.10.07"]
[Round "?"]
[White "Anbu, Sangita"]
[Black "Ottenweller, Wolfgang"]
[Result "0-1"]
[WhiteElo "1723"]
[BlackElo "1553"]
[PlyCount "36"]
[EventDate "2009.05.22"]
[EventType "tourn (corr)"]
[EventRounds "6"]
[EventCountry "GER"]
[SourceTitle "Telechess CBM 137"]
[Source "ChessBase"]
[SourceDate "2010.07.15"]
[SourceVersion "1"]
[SourceVersionDate "2010.07.15"]
[SourceQuality "1"]

1. f4 e5 2. fxe5 d6 3. exd6 Bxd6 4. Nf3 g5 5. g3 h5 6. d4 g4 7. Nh4 Nc6 8. Qd3 Nxd4 9. c3 Nc6 10. Ng6 Bxg3+ 11. hxg3 Qxd3 12. exd3 fxg6 13. Bg5 Nge7 14. Na3 Be6 15. Bg2 Bd5 16. Bxd5 Nxd5 17. 0-0-0 0-0 18. Rde1 Rf3 0-1

[Event "LSS SI-2007-0-00090"]
[Site "LSS email"]
[Date "2007.07.18"]
[Round "?"]
[White "Boschmans, Hugo"]
[Black "Anbu, Sangita"]
[Result "1-0"]
[WhiteElo "1306"]
[BlackElo "1689"]
[PlyCount "21"]
[EventDate "2007.07.12"]
[EventType "tourn (corr)"]
[EventRounds "6"]
[EventCountry "GER"]
[SourceTitle "Corr 2015"]
[Source "ChessBase"]
[SourceDate "2015.07.17"]
[SourceVersion "1"]
[SourceVersionDate "2015.07.17"]
[SourceQuality "1"]

1. d4 g6 2. c4 Bg7 3. Nc3 d6 4. e4 f5 5. exf5 Bxf5 6. Bd3 Bxd4 7. Bxf5 Bxc3+ 8. bxc3 gxf5 9. Qh5+ Kd7 10. Qxf5+ e6 11. Qb5+ 1-0

[Event "LSS SI-2006-0-00050"]
[Site "LSS email"]
[Date "2006.08.20"]
[Round "?"]
[White "Lopez Martin, Hector Eduardo"]
[Black "Anbu, Sangita"]
[Result "1-0"]
[WhiteElo "1565"]
[BlackElo "1689"]
[PlyCount "27"]
[EventDate "2006.07.18"]
[EventType "tourn (corr)"]
[EventRounds "10"]
[EventCountry "GER"]
[SourceTitle "Corr 2015"]
[Source "ChessBase"]
[SourceDate "2015.07.17"]
[SourceVersion "1"]
[SourceVersionDate "2015.07.17"]
[SourceQuality "1"]

1. b3 e5 2. Bb2 d6 3. g3 f5 4. Bg2 Nf6 5. c4 g6 6. d4 exd4 7. Qxd4 Bg7 8. Qe3+ Qe7 9. Qxe7+ Kxe7 10. Nc3 c6 11. Rd1 Na6 12. Nf3 Be6 13. 0-0 Rad8 14. h3 1-0

[Event "LSS SI-2006-0-00050"]
[Site "LSS email"]
[Date "2006.08.20"]
[Round "?"]
[White "Pintonello, Gilberto"]
[Black "Anbu, Sangita"]
[Result "1-0"]
[WhiteElo "2018"]
[BlackElo "1689"]
[PlyCount "29"]
[EventDate "2006.07.18"]
[EventType "tourn (corr)"]
[EventRounds "10"]
[EventCountry "GER"]
[SourceTitle "Corr 2015"]
[Source "ChessBase"]
[SourceDate "2015.07.17"]
[SourceVersion "1"]
[SourceVersionDate "2015.07.17"]
[SourceQuality "1"]

1. d4 Nf6 2. c4 e6 3. g3 Bb4+ 4. Bd2 Qe7 5. Bg2 Nc6 6. a3 Bxd2+ 7. Qxd2 d6 8. Nc3 0-0 9. Nf3 e5 10. 0-0 exd4 11. Nd5 Nxd5 12. cxd5 Ne5 13. Nxd4 Re8 14. Rac1 Nc4 15. Rxc4 1-0

[Event "LSS SI-2006-0-00050"]
[Site "LSS email"]
[Date "2006.08.19"]
[Round "?"]
[White "Anbu, Sangita"]
[Black "Endean, Andrew"]
[Result "1-0"]
[WhiteElo "1689"]
[BlackElo "1586"]
[PlyCount "22"]
[EventDate "2006.07.18"]
[EventType "tourn (corr)"]
[EventRounds "10"]
[EventCountry "GER"]
[SourceTitle "Corr 2015"]
[Source "ChessBase"]
[SourceDate "2015.07.17"]
[SourceVersion "1"]
[SourceVersionDate "2015.07.17"]
[SourceQuality "1"]

1. f4 d5 2. Nf3 g6 3. g3 Bg7 4. Bg2 Nf6 5. 0-0 0-0 6. d3 c5 7. Nc3 d4 8. Ne4 Nxe4 9. dxe4 Nc6 10. e3 Qb6 11. Kh1 Rd8 1-0

[Event "LSS SI-2006-0-00050"]
[Site "LSS email"]
[Date "2006.08.19"]
[Round "?"]
[White "Scacco, Mauro"]
[Black "Anbu, Sangita"]
[Result "1-0"]
[WhiteElo "2103"]
[BlackElo "1689"]
[PlyCount "29"]
[EventDate "2006.07.18"]
[EventType "tourn (corr)"]
[EventRounds "10"]
[EventCountry "GER"]
[SourceTitle "Corr 2015"]
[Source "ChessBase"]
[SourceDate "2015.07.17"]
[SourceVersion "1"]
[SourceVersionDate "2015.07.17"]
[SourceQuality "1"]

1. e4 c5 2. Nf3 g6 3. d4 cxd4 4. Qxd4 Nf6 5. e5 Nc6 6. Qh4 Nxe5 7. Nxe5 Qa5+ 8. Nc3 Qxe5+ 9. Be2 Bg7 10. 0-0 0-0 11. Re1 Qc7 12. Bd3 d6 13. Bg5 Be6 14. Nb5 Qd7 15. Nd4 1-0

[Event "LSS SH-2006-0-00060"]
[Site "LSS email"]
[Date "2006.07.02"]
[Round "?"]
[White "Szabo, Zsolt"]
[Black "Anbu, Sangita"]
[Result "1-0"]
[WhiteElo "2212"]
[BlackElo "1689"]
[PlyCount "25"]
[EventDate "2006.06.06"]
[EventType "tourn (corr)"]
[EventRounds "10"]
[EventCountry "GER"]
[SourceTitle "Corr 2015"]
[Source "ChessBase"]
[SourceDate "2015.07.17"]
[SourceVersion "1"]
[SourceVersionDate "2015.07.17"]
[SourceQuality "1"]

1. d4 f5 2. c4 Nf6 3. Nc3 e6 4. Nf3 Be7 5. g3 0-0 6. Bg2 Ne4 7. Qc2 Nxc3 8. Qxc3 Bf6 9. 0-0 d6 10. Qb3 a5 11. Rd1 Qe8 12. Bg5 a4 13. Qd3 1-0

[Event "LSS SI-2006-0-00052"]
[Site "LSS email"]
[Date "2006.06.30"]
[Round "?"]
[White "Anbu, Sangita"]
[Black "Hendriks, Marrien"]
[Result "0-1"]
[WhiteElo "1689"]
[BlackElo "1627"]
[PlyCount "30"]
[EventDate "2006.06.08"]
[EventType "tourn (corr)"]
[EventRounds "10"]
[EventCountry "GER"]
[SourceTitle "Corr 2015"]
[Source "ChessBase"]
[SourceDate "2015.07.17"]
[SourceVersion "1"]
[SourceVersionDate "2015.07.17"]
[SourceQuality "1"]

1. d4 Nf6 2. Nf3 g6 3. e3 Bg7 4. b3 d5 5. Bb2 Bf5 6. Bd3 Nbd7 7. Nh4 Bxd3 8. cxd3 0-0 9. 0-0 Rc8 10. Nc3 c5 11. Ne2 cxd4 12. Nxd4 e5 13. Ndf3 e4 14. dxe4 dxe4 15. Nd4 Ne5 0-1

[Event "LSS OP-2006-0-00078"]
[Site "LSS email"]
[Date "2006.06.27"]
[Round "?"]
[White "Anbu, Sangita"]
[Black "Just, Bent"]
[Result "1/2-1/2"]
[WhiteElo "1689"]
[BlackElo "1541"]
[PlyCount "27"]
[EventDate "2006.06.24"]
[EventType "tourn (corr)"]
[EventRounds "4"]
[EventCountry "GER"]
[SourceTitle "Corr 2015"]
[Source "ChessBase"]
[SourceDate "2015.07.17"]
[SourceVersion "1"]
[SourceVersionDate "2015.07.17"]
[SourceQuality "1"]

1. b3 e5 2. Bb2 Nc6 3. e3 Nf6 4. Bb5 e4 5. f4 a6 6. Bxc6 dxc6 7. Ne2 Be7 8. 0-0 0-0 9. Nbc3 Re8 10. Ng3 Bg4 11. Qe1 Bc5 12. Na4 Bb4 13. Bd4 Nd5 14. a3 1/2-1/2

[Event "IECG OP.2006.0.00078"]
[Site "IECG email"]
[Date "2006.06.24"]
[Round "?"]
[White "Anbu, Sangita"]
[Black "Fels, Bernhard"]
[Result "0-1"]
[WhiteElo "1694"]
[BlackElo "2238"]
[PlyCount "80"]
[EventDate "2006.06.24"]
[EventType "tourn (corr)"]
[EventRounds "6"]
[SourceTitle "Corr 2008"]
[Source "ChessBase"]
[SourceDate "2008.06.24"]
[SourceVersion "1"]
[SourceVersionDate "2008.06.24"]
[SourceQuality "1"]

1. b3 e5 2. Bb2 d6 3. e3 Nf6 4. d4 Nbd7 5. Nf3 e4 6. Nfd2 d5 7. c4 c6 8. Nc3 Be7 9. f3 0-0 10. fxe4 Nxe4 11. Ndxe4 dxe4 12. Qe2 Nf6 13. h3 b5 14. cxb5 cxb5 15. Nxb5 Ba6 16. Qd2 Nh5 17. Bc4 Ng3 18. Rg1 Nf5 19. Rf1 Bh4+ 20. Kd1 Qg5 21. Rf4 Bg3 22. Rg4 Qxe3 23. Kc1 Bxb5 24. Qxe3 Nxe3 25. Rxg3 Nxc4 26. bxc4 Bxc4 27. d5 g6 28. d6 Rfd8 29. Ba3 Bd3 30. Kd2 Rac8 31. Rc1 Rxc1 32. Kxc1 f5 33. Kd2 Kf7 34. h4 Kf6 35. Ke3 Ke5 36. Kd2 Kf4 37. Re3 Kg4 38. g3 Rc8 39. Rxd3 exd3 40. Kxd3 Kxg3 0-1

[Event "FICGS rapid B 000008 email"]
[Site "FICGS email"]
[Date "2006.06.24"]
[Round "1"]
[White "Vasquez, Fernando Jose Pinto"]
[Black "Anbu, Sangita"]
[Result "1-0"]
[WhiteElo "1400"]
[BlackElo "1694"]
[PlyCount "31"]
[EventDate "2006.??.??"]
[EventType "tourn (rapid)"]
[EventRounds "6"]
[SourceTitle "Corr 2022"]
[Source "ChessBase"]
[SourceDate "2021.10.24"]
[SourceVersion "1"]
[SourceVersionDate "2021.10.24"]
[SourceQuality "1"]

1. e4 d6 2. d4 Nf6 3. Nc3 e5 4. dxe5 dxe5 5. Qxd8+ Kxd8 6. Nf3 Bd6 7. Bg5 Be6 8. 0-0-0 h6 9. Bxf6+ gxf6 10. Nh4 Ke7 11. Nd5+ Bxd5 12. Nf5+ Kd7 13. Rxd5 Rg8 14. Nxh6 Nc6 15. Nxg8 Rxg8 16. g3 1-0